Datum a čas kvízu
29.5
Celkem bodů
Celkový počet nahraných bodů na tomto kvízu bez doplňovacích otázek.
5.
Pořadí na kvízu
Konečné umístění týmu na tomto kvízu.
Zaznamenané odpovědi
| # | Otázka | Odpověď | Body | Výsledky |
|---|---|---|---|---|
| 1. | Které novinářské ocenění si v... | Cenu Ferdinanda Peroutky | 1 | |
| 2. | Co neobvyklého našli lékaři v... | dělostřelecký granát | 1 | |
| 3. | V noci z neděle na pondělí byl... | Bad Bunny; Kendrick Lamar | 0.5 | |
| 4. | Která fiktivní postava z fanta... | B) Draco Malfoy | 1 | |
| 5. | Německá olympionička Franziska... | A | 0 | |
| 6. | 29. května roku 1500 umírá pob... | Bartolomeu Dias | 0 | |
| 7. | 1. ledna 1700 jeden ruský car... | Petr I. Veliký | 0 | |
| 8. | Za kulatý letopočet budeme dne... | Brouček | 1 | |
| 9. | 19. března 1900 se v Paříži na... | Frédéric Joliot-Curie | 0 | |
| 10. | Od 15. září do 1. října 2000 s... | Štěpánka Hilgertová; Sydney | 1 |